000
00216nam a2200085Ia 4500
008
230915s9999 xx 000 0 und d
050
_a
s494 .i5 c496 2010
245
0
_a
transfer of agricultural technology
942
_c
BK
999
_c
201437
_d
201437